Gold dredging in California. (Record no. 24967)

MARC details
000 -LEADER
fixed length control field 01052cam a22002771 4500
001 - CONTROL NUMBER
control field gs 10000572
003 - CONTROL NUMBER IDENTIFIER
control field DLC
005 - DATE AND TIME OF LATEST TRANSACTION
control field 20260227111310.0
008 - FIXED-LENGTH DATA ELEMENTS--GENERAL INFORMATION
fixed length control field 800415s1910 cauabf s000 0 eng
010 ## - LIBRARY OF CONGRESS CONTROL NUMBER
LC control number gs 10000572
035 ## - SYSTEM CONTROL NUMBER
System control number (OCoLC)6205086
040 ## - CATALOGING SOURCE
Original cataloging agency DLC
Transcribing agency TxCM
Modifying agency OCoLC
-- DLC
042 ## - AUTHENTICATION CODE
Authentication code premarc
050 00 - LIBRARY OF CONGRESS CALL NUMBER
Classification number TN24.C2
Item number A3 no. 57
110 2# - MAIN ENTRY--CORPORATE NAME
Corporate name or jurisdiction name as entry element California State Mining Bureau.
245 10 - TITLE STATEMENT
Title Gold dredging in California.
Statement of responsibility, etc. Lewis E. Aubury, state mineralogist.
260 ## - PUBLICATION, DISTRIBUTION, ETC.
Place of publication, distribution, etc. Sacramento,
Name of publisher, distributor, etc. W.W. Shannon, superintendent state printing,
Date of publication, distribution, etc. 1910.
300 ## - PHYSICAL DESCRIPTION
Extent xvi, 312 p.
Other physical details front., (fold. map) illus., fold. plates, fold. maps, fold. tables, diagrs.
490 1# - SERIES STATEMENT
Series statement Its Bulletin
Volume/sequential designation no. 57
500 ## - GENERAL NOTE
General note Introductory by Lewis E. Aubury. Chap. I, General, historical and geological, by W. B. Winston and Charles Janin.
650 #0 - SUBJECT ADDED ENTRY--TOPICAL TERM
Topical term or geographic name entry element Gold mines and mining
Geographic subdivision California.
700 1# - ADDED ENTRY--PERSONAL NAME
Personal name Aubury, Lewis E.,
Dates associated with a name 1862-
700 1# - ADDED ENTRY--PERSONAL NAME
Personal name Winston, William Bruce.
700 1# - ADDED ENTRY--PERSONAL NAME
Personal name Janin, Charles.
810 2# - SERIES ADDED ENTRY--CORPORATE NAME
Corporate name or jurisdiction name as entry element California State Mining Bureau.
Title of a work Bulletin ;
Volume/sequential designation no. 57.

No items available.

Powered by Koha